000 00556nam a2200193 i 4500
001 43953
003 ES-MaACL
007 t|
008 030320s1976 fr ||||1| fre d
100 1 _aCaviglioli, Bernard.
_937197
245 1 0 _aSport et adolescents /
_cpar Bernard Caviglioli.
260 _aParis :
_bJ. Vrin,
_c1976.
300 _a120 p. ;
_c19 cm.
490 1 _aPsycho-pédagogie du sport
504 _aBibliografía. Indice.
830 0 _aPsycho-pédagogie du sport
_9182001
852 _aES-MaACL
_jG-1391
_bR.113770
999 _c43953
_d43953